|
|
|
|
| LEADER |
00000nab a2200000 a 4500 |
| 001 |
vtls000877877 |
| 003 |
SK-MaSNL |
| 005 |
20260304124719.0 |
| 008 |
250429c2004 xo 0 slo |
| 015 |
|
|
|a SNBRB2004/07-20260
|
| 035 |
|
|
|a CLN000229429
|
| 035 |
|
|
|a urn:nbn:sk:snk-absq9
|
| 035 |
|
|
|a (urnnbn)urn:nbn:sk:snk:ar-a03mj9
|
| 035 |
|
|
|a (uuid)058c1d1e-f7c2-4ca8-9fc9-15c67769d304
|
| 040 |
|
|
|a SNKBUCL
|b slo
|c SNKBUCL
|e AACR2
|
| 041 |
0 |
|
|a slo
|
| 044 |
|
|
|a xo
|c SK
|
| 080 |
|
|
|a 351.777(437.6)
|2 1997
|
| 080 |
|
|
|a 504:061.64(437.6)
|2 1997
|
| 100 |
1 |
|
|a Nitschneiderová, Helena
|4 aut
|9 1145610
|
| 245 |
1 |
0 |
|a Integrované povoľovanie v zmysle zákona o integrovanej prevencii a kontrole znečisťovania životného prostredia
|c Helena Nitschneiderová, František Šopinec
|
| 300 |
|
|
|b Tab.
|
| 610 |
2 |
7 |
|a Slovenská inšpekcia životného prostredia.
|b Útvar integrovaného povoľovania a kontroly
|2 snkbucl
|9 188072
|
| 650 |
0 |
7 |
|a prostredie životné
|x znečisťovanie
|x kontrola
|x prevencia integrovaná
|x zákony
|x povoľovanie integrované
|z Slovensko
|2 snkbucl
|9 1436216
|
| 655 |
|
7 |
|a články z novín a časopisov
|2 snkbucl
|9 267496
|
| 700 |
1 |
|
|a Šopinec, František
|4 aut
|9 899337
|
| 773 |
0 |
|
|t Odpady
|g Roč. 4, č. 4 (2004)
|g S. [1-12]
|x 1335-7808
|x 1335-7808
|
| 773 |
0 |
|
|t Príloha
|g Roč. 4, č. 4 (2004)
|g S. [1-12]
|x 1335-7808
|x 1335-7808
|
| 850 |
|
|
|a Slovenská národná knižnica
|
| 852 |
|
|
|a Slovenská národná knižnica
|
| 954 |
|
|
|a odborná, vedecká literatúra pôvodná (slovenská)
|2 lita
|
| 958 |
|
|
|a article27
|
| 958 |
|
|
|a SK
|
| 958 |
|
|
|a OND
|
| 958 |
|
|
|a EUIPO
|
| 992 |
|
|
|a RBX
|
| 999 |
|
|
|c 2891981
|d 2893911
|